00514cam a22001572 4500001001100000005001700011008004100028020002800069040001500097050001900112100003600131245006300167260004200230300001500272630006900287000000083120151217151758.0070220s xx 000 0 eng d a0565634179 :cKES 3,250 aKABUcKABU 0aBS1505.2b.M381 aMatthews, Victor H.@000014921010aSocial world of the Hebrew prophets /cVictor H. Matthews. aPeabody, Mass. :bHendrickson,c2001. axi, 205 p.00aBible.pO.T.pProphets.xSocio-rhetorical criticism.@0000149211